| 000 -LEADER |
| fixed length control field |
00344cam a22001217a 4500 |
| 008 - FIXED-LENGTH DATA ELEMENTS--GENERAL INFORMATION |
| fixed length control field |
180718b2002 xxu||||| |||| 00| 0 eng d |
| 020 ## - INTERNATIONAL STANDARD BOOK NUMBER |
| International Standard Book Number |
81 87830 |
| 082 ## - DEWEY DECIMAL CLASSIFICATION NUMBER |
| Classification number |
D71x54 K11 |
| 100 ## - MAIN ENTRY--PERSONAL NAME |
| Personal name |
Bhasin, Kamla |
| 245 ## - TITLE STATEMENT |
| Title |
Aman kee talash main insaniyat kee aawaje |
| Statement of responsibility, etc. |
edited by Kamla Bhasin...[et.al.] |
| 260 ## - PUBLICATION, DISTRIBUTION, ETC. |
| Place of publication, distribution, etc. |
De4lhi |
| Name of publisher, distributor, etc. |
Lokayan |
| Date of publication, distribution, etc. |
2002 |
| 300 ## - PHYSICAL DESCRIPTION |
| Extent |
155p. |